| 000 | 00678nam a2200205 i 4500 | ||
|---|---|---|---|
| 001 | 41721 | ||
| 003 | ES-MaACL | ||
| 005 | 20251015063055.0 | ||
| 007 | t| | ||
| 008 | 030311s1961 sp ||||1| spa d | ||
| 100 | 0 |
_aCassou, Jean, _d1897-1986 _936378 |
|
| 245 | 1 | 0 |
_aPanorama de las artes plásticas contemporáneas / _cJean Cassou ; [lo tradujo castellano Juan Antonio Gaya Nuño]. |
| 260 |
_aMadrid : _bGuadarrama, _c1961. |
||
| 300 |
_a812 p., 74 lám. : _bil. ; _c22 cm. |
||
| 650 | 0 | 0 |
_aArte- _yS.XIX _9233576 |
| 650 | 7 |
_aArte- _yS.XX _2 _9141916 |
|
| 700 | 0 |
_aGaya Nuño, Juan Antonio, _d1913-1976 _956130 |
|
| 852 |
_aES-MaACL _jF-6296 |
||
| 999 |
_c41721 _d41721 |
||